Guess the Harry Potter character (book knowledge needed Quiz Stats

 Plays Quiz not verified by Sporcle

Score 0/32 Timer 10:00
0 Plays Today
hint to guess the Harry Potter character Harry Potter character names % Correct
the first werewolf we meetRemus Lupin
82.1%
tries to stop Harry going back to HogwartsDobby
82.1%
the only one Voldemort ever fearedAlbus Dumbledore
82.1%
organized S.P.E.WHermione Granger
80.4%
wife of HarryGinny Weasley
80.4%
First seen in the second book, spends the rest of the series in St mungos Gilderoy Lockhart
78.9%
in the deathly hallows part 2 this witch went to see if Harry was really dead Narcissa Malfoy
77.7%
deputy headmistress Minerva McGonagall
75.9%
Voldemort's righthand womanBellatrix Lestrange
75.9%
the first person to see the snake attack Mr. Weasley (besides Mr. Weasley)Harry Potter
75%
in the fifth book she sees her family members and Harry dead all the timeMolly Weasley
74.1%
The only founder of hogwarts that Voldemort didn't make any of their belongings a horcrux Godric Gryffindor
73.5%
became the herbology teacher at hogwartsNeville Longbottom
73.5%
gave Harry the two-way mirror Sirius Black
72.3%
Quidditch commentator Lee Jordan
72.3%
least loved by his mother who craved a daughterRon Weasley
71.4%
hint to guess the Harry Potter character Harry Potter character names % Correct
worst defense against the dark arts teacherDolores Umbridge
71.1%
a master legilimens and a very brave and loyal wizardSeverus Snape
70.5%
Nagini posses this dead witch's bodyBathilda Bagshot
68.8%
beat Harry in a quidditch match in the third book Cedric Diggory
62.5%
R.A.BRegulus Arcturus Black
62.5%
hates the students of HogwartsArgus Filch
61.6%
prefers to be known by her sir name onlyNymphadora Tonks
60.7%
the only friend Harry has at the dursleys Hedwig
60.7%
the owner of the ring Voldemort made a horcruxMarvolo Gaunt
60.7%
Head of the department of Magical games and sportsLudo Bagman
60.2%
received a howler from DumbledorePetunia
59.5%
killed Gideon and Fabian PrewettAntonin Dolohov
35.7%
Hogwarts librarian Madame Pince
33.9%
wrote a letter to Sirius thanking him Lily Potter
32.9%
gives Harry a magazine to give to Sirius because it might interest himKingsley Shacklebolt
28.6%
owner of the only shop in knockturn alley Harry ever set foot in Mr. Borgin
27.7%

You're not logged in!

Compare scores with friends on all Sporcle quizzes.
OR
Log In

Sporcle TV

Today on Sporcle TV


Watch our educational content, quiz creation guides, and fun videos on Sporcle TV.

Show Comments

Extras

Created Dec 17, 2014ReportNominate
Tags:Harry Potter Quiz, character

Top Quizzes Today


Score Distribution

Your Account Isn't Verified!

In order to create a playlist on Sporcle, you need to verify the email address you used during registration. Go to your Sporcle Settings to finish the process.

Report this User

Report this user for behavior that violates our Community Guidelines.

Details: